Březen 1939 [1. část]

Podrobná bibliografia
Hlavní autori: John, Miloslav (Autor), Kliment, Charles K., 1932- (Autor), Nakládal, Břetislav, 1933- (Autor)
Médium: Kniha
Jazyk:čeština
Fyzický popis:277 s., [64] s. obr. príl. faksim., fotogr., mp., portréty 24 cm
Vydavateľské údaje: Praha ARES Naše vojsko 2004
ISBN:8086158381
8020607447
Vydanie:Vydání první
Predmet:

MARC

LEADER 00000cam a2200000 a 4500
001 vtls008615172
003 SK-MaSNL
005 20260302004359.0
008 240318s2004 xr hobcf n 000 0dcze
015 |a SNBZSA2017/01 
020 |a 8086158381  |q (Ares ;  |q viazané) 
020 |a 8020607447  |q (NV ;  |q viazané) 
035 |a SAVUKc209732 
035 |a urn:nbn:sk:snk-am3i9tc 
035 |a 5B11898E-B2A1-4E41-A926-71B06D169D6A 
035 |a urn:nbn:sk:snk-am00dzhe 
040 |a SNK  |b slo  |c SNK  |e AACR2 
041 0 |a cze 
043 |a e-cs--- 
044 |a xr  |c CZ 
072 7 |a 341  |x Medzinárodné právo  |2 konspekt 
072 7 |a 94(437)  |x Dejiny Československa  |2 konspekt 
080 |a 82-96  |2 2011 
080 |a 32(091)  |2 2011 
080 |a 341.324  |2 2011 
080 |a 94(437)  |2 2011 
080 |a (048.8)  |2 2011 
080 |a 94(100)"1939/1945"  |2 2011 
100 1 |a John, Miloslav  |4 aut  |9 468699 
245 1 0 |a Březen 1939  |n [1. část]  |c [Miloslav John, Charles K. Kliment, Břetislav Nakládal] 
250 |a Vydání první 
260 |a Praha  |b ARES  |b Naše vojsko  |c 2004 
300 |a 277 s., [64] s. obr. príl.  |b faksim., fotogr., mp., portréty  |c 24 cm 
500 |a Označenie dielu uvedené na zadnom obale knihy 
504 |a Bibliogr.: s. 267-277 
630 0 7 |a Mníchovská dohoda (1938)  |2 SNKPH  |9 644315 
650 0 7 |a literatúra faktu  |2 SNKPH  |9 18459 
650 0 7 |a politické dejiny  |2 SNKPH  |9 69271 
650 0 7 |a okupácia  |2 SNKPH  |9 4467 
650 0 7 |a non-fiction  |2 SNKPHeng  |9 340933 
650 0 7 |a Political history  |2 SNKPHeng  |9 277990 
650 0 7 |a Occupation  |2 SNKPHeng  |9 306595 
650 0 7 |a druhá svetová vojna (1939-1945)  |2 SNKPH  |9 169657 
650 0 7 |a World War (1939-1945)  |2 SNKPHeng  |9 284172 
651 7 |a Československo  |x dejiny  |2 SNKPH  |9 161432 
651 7 |a Czechoslovakia  |x History  |2 SNKPHeng  |9 125910 
655 7 |a monografie  |2 SNKPH  |9 70139 
655 7 |a Monographs  |2 SNKPHeng  |9 120675 
700 1 |a Kliment, Charles K.,  |d 1932-  |4 aut  |9 297608 
700 1 |a Nakládal, Břetislav,  |d 1933-  |4 aut  |9 297610 
919 |a 80-86158-38-1 
919 |a 80-206-0744-7 
958 |a CZ 
958 |a NB 
958 |a ZS 
999 |c 995661  |d 997591 
952 |a SNK  |b SNK  |y PREZ  |7 0  |p 17A1250582  |o snkSC 172419  |i snk2017/229  |8 4  |g 12.54  |0 0  |1 0  |4 0  |d 2016-11-10  |f 1  |l 0  |r 2025-09-10 00:00:00  |w 2026-02-24